LIBRARY & INFORMATION CENTRE, KCAET, TAVANUR

ONLINE PUBLIC ACCESS CATALOGUE (OPAC)

Development and testing of a large diameter pit digger for laterite terrain (Record no. 15026)

MARC details
000 -LEADER
fixed length control field 00605nam a22001697a 4500
003 - CONTROL NUMBER IDENTIFIER
control field OSt
088 ## - REPORT NUMBER
Report number T 57
100 ## - MAIN ENTRY--AUTHOR NAME
Personal name PREMAN P.S
245 ## - TITLE STATEMENT
Title Development and testing of a large diameter pit digger for laterite terrain
260 ## - PUBLICATION, DISTRIBUTION, ETC. (IMPRINT)
Place of publication Tavanur 1996
Name of publisher Kelappaji College of Agricultural Engineering and Technology
300 ## - PHYSICAL DESCRIPTION
Number of Pages 92
500 ## - GENERAL NOTE
General note Development and testing of a large diameter pit digger for laterite terrain
520 ## - SUMMARY, ETC.
Summary, etc Development and testing of a large diameter pit digger for laterite terrain
700 ## - ADDED ENTRY--PERSONAL NAME
Personal name Er. Jippu Jacob (Guide)
942 ## - ADDED ENTRY ELEMENTS (KOHA)
Koha item type Theses
Holdings
Collection code Home library Current library Shelving location Full call number Accession Number Koha item type Public note
Reference KAUAET KAUAET Reference 631.3 PRE/DE T 57 Theses M.Tech Thesis
free website counter